本当に存在する駅は?② - Statistics

General Stats
  • This quiz has been taken 37 times
  • The average score is 10 of 12
Answers on the Grid
Answers color-coded by a green-red scale on the quiz's grid according to % correct below.
新東京
新品川
新横浜
小田
新熱海
新箱根
新三島
新富士
新静岡
新掛川
新浜松
新豊橋
新三河島
名古屋
新岐阜羽島
新米原
新京都
新大阪
新焼津
新大垣
近江
東大垣
西大垣
西岐阜
 
Answer Stats
Answer % Correct
新大阪
100%
新横浜
97%
名古屋
97%
新富士
91%
新静岡
82%
新浜松
79%
新豊橋
79%
西岐阜
79%
新三河島
76%
小田
74%
西大垣
68%
東大垣
65%
No matching quizzes found
Score Distribution
Percent of People with Each Score
Percentile by Number Answered
Your Score History
You have not taken this quiz